Open Data Biblioteca Nacional de Portugal


República Portuguesa: Ministério da Cultura
Biblioteca Nacional de Portugal

Catálogo da BNP: acesso por Identificadores Unívocos
Registos Bibliográficos associados ao registo de autoridade

Etiqueta de registo: 00254nam 2200025 450
001 2283649
003 http://id.bnportugal.gov.pt/bib/catbnp/2283649
100 ## $a20260406d2025 k y0pory01030103ba
101 0# $apor$deng
102 ## $aPT
105 ## $aa m 000yy
106 ## $ar
200 1# $a Uma análise lexical e morfossintática da escrita em português dos alunos do Ensino Secundário de Cabinda - Angola$fFrancisco Sérgio Manuel Mabiala$gorient. Rui Manuel Nascimento Lima Ramos
210 #9 $a[S.l.$cs.n.],$d2025
215 ## $aXVIII, 219 p.$cil.$d30 cm
328 #1 $aTese dout. Ciências da Educação (Literacias e Ensino Português), Instituto da Educação da Universidade do Minho, 2025
675 ## $a371.3(673)(043)$vBN$zpor$31449771
675 ## $a811.134.3'373(043)$vBN$zpor$3558582
700 #1 $aMabiala,$bFrancisco Sérgio Manuel$31994732
702 #1 $aRamos,$bRui Manuel do Nascimento Lima$4727$3263100
801 #0 $aPT$bBN$gRPC
966 ## $lBN$mFGMON$sS.C. 169162 V.$x1
971 ## $cabrito$d20260406
972 ## $e0$z0$d20260522$vlrevez
973 ## $csteixeira$d20260520

OpendataBNP@bnportugal.pt | Mais informação sobre acesso aos dados BNP